Encyclopedia of Economics. (Record no. 3544)

MARC details
005 - DATE AND TIME OF LATEST TRANSACTION
control field 20250609164044.0
020 ## - INTERNATIONAL STANDARD BOOK NUMBER
International Standard Book Number 0-07-024367-0
082 ## - DEWEY DECIMAL CLASSIFICATION NUMBER
Classification number REF 330.03 GRE
100 ## - MAIN ENTRY--PERSONAL NAME
Author name GREENWALD, D.
245 ## - TITLE STATEMENT
Title Encyclopedia of Economics.
260 ## - PUBLICATION, DISTRIBUTION, ETC.
Place of publication, distribution, etc. New York,
Name of publisher, distributor, etc. McGraw-Hill,
Date of publication, distribution, etc. 1982.
300 ## - PHYSICAL DESCRIPTION
Extent xxxiii, 1070p.: ill.; figure, table
Other physical details Index
Dimensions 24cm.
942 ## - ADDED ENTRY ELEMENTS (KOHA)
Source of classification or shelving scheme Dewey Decimal Classification
Koha item type Books
Holdings
Date last seen Total checkouts Full call number Barcode Cost, replacement price Price effective from Koha item type Lost status Source of classification or shelving scheme Damaged status Not for loan Withdrawn status Home library Current library Shelving location Date acquired Cost, normal purchase price
06/09/2025   REF 330.03 GRE 00000011762 30000.00 06/09/2025 Books   Dewey Decimal Classification       College of Business Education Main Library College of Business Education Main Library Reference Collection 03/11/1982 10000.00